| 000 | 00882nam a2200253Ia 4500 | ||
|---|---|---|---|
| 003 | OSt | ||
| 005 | 20220930194234.0 | ||
| 006 | a|||||r|||| 00| 0 | ||
| 007 | ta | ||
| 008 | 220926b |||||||| |||| 00| 0 eng d | ||
| 024 | _a12532 | ||
| 037 | _cDissertations | ||
| 040 |
_aCRL _cCRL _beng |
||
| 041 |
_2eng _aeng |
||
| 100 |
_aRitu Singh _9532855 |
||
| 110 |
_aUniversity of Delhi. Faculty of Medical Sciences. Department of Medical Biochemistry _9520250 |
||
| 245 | 0 | _aSignificance of serum angiotensin coverting enzyme, cholinesterase and lipid profile in essential hypertension | |
| 260 | _c1990 | ||
| 650 | _aBIOCHEMISTRY | ||
| 700 | _a Dr K M Prabhu Supervisor | ||
| 700 |
_aUniversity of Delhi. Faculty of Medical Sciences. Department of Medical Biochemistry _9520252 |
||
| 942 |
_cDIS _2CC |
||
| 999 |
_c897479 _d897479 |
||